Religions les plus répandues au Monde - Statistiques

Statistiques générales
  • Ce quiz a été pris 402 fois
  • Le résultat moyen est 5 sur 12
Statistiques - réponses
Population Religion % Correct
2,04MD Islam
99%
2,40MD Christianisme
94%
14,7M Judaïsme
86%
506M Bouddhisme
77%
1,16MD Hindouisme
67%
1,10MD Irreligionisme
46%
27M Sikhisme
17%
429M Animisme
13%
6,1M Jaïnisme
5%
8,5M Bahaïsme
3%
16M Spiritisme
1%
6M Caodaïsme
0%
Aucun quiz correspondant
Distribution des résultats
% des personnes avec chaque résultat
Percentile par nombre de réponses
Votre historique - résultats
Vous n’avez pas pris ce quiz